01537nam a22003974a 4500001001200000003000800012006001900020007001500039008004100054010001700095020002800112020003100140020001800171040002100189035002100210043001200231050002400243082001900267245015500286260006100441300001600502490003100518504005100549533015200600650002900752650003100781651003700812655002900849700002200878700002400900700002500924710001700949830003200966856012600998999001501124ebr10273835CaPaEBRm u cr cn|||||||||060127s2006 enk sb 001 0 eng  z 2006002741 z0754646440 (alk. paper) z9780754646440 (alk. paper) z9780754646440 aCaPaEBRcCaPaEBR a(OCoLC)320778254 ae------14aJZ5588b.O53 2006eb04a355/.0330422200aOld Europe, new securityh[electronic resource] :bevolution for a complex world /cedited by Janet Adamski, Mary Troy Johnson. Christina M. Schweiss. aAldershot, England ;aBurlington, VT :bAshgate,cc2006. axxi, 175 p.1 aEthics and global politics aIncludes bibliographical references and index. aElectronic reproduction.bPalo Alto, Calif. :cebrary,d2013.nAvailable via World Wide Web.nAccess may be limited to ebrary affiliated libraries. 0aSecurity, International. 0aNational securityzEurope. 0aEuropexForeign relationsy1989- 7aElectronic books.2local1 aAdamski, Janet E.1 aJohnson, Mary Troy.1 aSchweiss, Christina.2 aebrary, Inc. 0aEthics and global politics.40uhttp://site.ebrary.com/lib/rucke/Doc?id=10273835zAn electronic book accessible through the World Wide Web; click to view c6418d6418